Enciclopedias y diccionarios.

保存先:
書誌詳細
第一著者: Rey, Alain (autor)
その他の著者: Castañón, Adolfo (traductor)
フォーマット: 図書
言語:英語
出版事項: México D.F., México: Fondo de Cultura Económica, 1988.
版:Primera edición en español.
シリーズ:Breviarios; 401
主題:
タグ: タグ追加
タグなし, このレコードへの初めてのタグを付けませんか!

MARC

LEADER 00000nam a22000007a 4500
003 CL-VaPUC
005 20230929110833.0
008 220613b1988 ||||| |||| 00| 0 eng d
999 |c 435994  |d 435992 
020 |a 968-16-2591-9 
040 |c Pontificia Universidad Católica de Valparaíso 
082 7 |a 030.9 REY 1988  |2 22 
100 1 |a Rey, Alain  |e autor  |9 870633 
245 |a Enciclopedias y diccionarios. 
250 |a Primera edición en español. 
260 |a México D.F., México:   |b Fondo de Cultura Económica,   |c 1988. 
300 |a 184 páginas  
490 |a Breviarios;   |v 401 
500 |a c.1 Donación Familia Prof. Alejandro Guzmán Brito. 
583 |c 20220613  |k Cristina María Rojas Aguilar 
650 0 |a Enciclopedias  |x Definiciones  |9 264135 
650 |a Diccionarios  |9 256200  |x Definiciones 
700 |a Castañón, Adolfo  |e traductor  |9 555887 
942 |2 ddc  |c BK  |n 0 
952 |0 0  |1 0  |2 ddc  |4 0  |6 030_900000000000000_REY_1988  |7 0  |8 C_AGB  |9 583663  |a BIBDER  |b BIBDER  |d 2022-06-13  |f Donación   |i 5651791  |o 030.9 REY 1988  |p 5651791  |r 2023-01-25  |t 1  |w 2022-06-13  |y BK_US  |k AGB